00770cam a22002411 450000100060000000300080000600500170001400800460003102000150007703500190009203500190011104000360013004100080016608200220017410000170019624500320021326001070024530000250035250400310037765000340040865100400044265100460048236460BD-RjUL20211209052505.0140624s1968 1964 at b 001 0 eng  a0522839223 a(BD-RjUL)36560 a(BD-RjUL)36560 aDLCcODaWUdOCoLCdUkdDLCbeng aeng a324.294bJUA 19681 aJupp, James.10aAustralian party politics / a[Melbourne]bMelbourne University Press;aNew York,bCambridge University Pressc1964 [Reprinted 1968] aix, 235 p. ;c22 cm. aBibliographical footnotes. 0aPolitical partieszAustralia. 0aAustraliaxPolitics and government. 0aAustraliaxPolitics and governmenty1945-